| 000 | 00658nmm a2200169Ia 4500 | ||
|---|---|---|---|
| 008 | 251105s9999||||xx |||||||||||||||||und|| | ||
| 020 | _a9788484890708 | ||
| 041 |
_aspa _aeng |
||
| 100 | _aCastro-Klarén, Sara (ed.) | ||
| 245 | 0 |
_aLatin American Women's Narrative = Narrativa femenina en América Latina : _b Practices and Theoretical Perspectives = Prácticas perspectivas teóricas |
|
| 264 |
_a[Madrid, España] : _bIberoamericana Vervuert, _c2003 |
||
| 300 | _a402 páginas | ||
| 490 | _aTeoría y Crítica de la Cultura y Literatura | ||
| 650 | _aLatin American literature | ||
| 856 | _uhttps://public.digitaliapublishing.com/a/23329 | ||
| 942 | _cCF | ||
| 999 |
_c86495 _d86495 |
||